معرض الفن الاسلامى / expositions D Art Musulman

Saved in:

Corporate Author: دار الآثار العربية/ Musee Arabe.

Format: Book

Language: Undetermined

Published: Cairo R.schindeler Imprimeur 1947

Tags: Add Tag

No Tags, Be the first to tag this record!

Call Number: A80 ARAB

LEADER 00389nam a2200121Ia 4500
008 240404s9999||||xx |||||||||||||| ||und||
050 4 |a A80 ARAB 
110 0 |a دار الآثار العربية/ Musee Arabe. 
245 1 0 |a معرض الفن الاسلامى / expositions D Art Musulman 
264 1 |a Cairo  |b R.schindeler Imprimeur  |c 1947 
300 |a 47  |b 131 plates  |c 21 
942 |2 lcc  |c BK 
999 |c 58035  |d 58035